Student employment: A comparative analysis between Slovakia and the United Kingdom
Ekonomické zmeny na Slovensku po páde komunizmu v r. 1989. Príprava nového vzdelávacieho programu v oblasti cestovného ruchu. Partnerstvo UMB v B. Bystrici a Katedrou hotelierstva a manažmentu CR Manchesterskej metropolitnej univerzity. Výskum zamestnanosti slovenských pracujúcich študentov. Pracovn...
Salvato in:
| Autore principale: | |
|---|---|
| Altri autori: | |
| Natura: | Capitolo di libro |
| Lingua: | inglese slovacco |
| Soggetti: | |
| Tags: |
Nessun Tag, puoi essere il primo ad aggiungerne!!
|
MARC
| LEADER | 00000naa a2200000 4500 | ||
|---|---|---|---|
| 001 | r040607 | ||
| 005 | 20230724105557.3 | ||
| 041 | 0 | |a eng | |
| 041 | 0 | |a slo | |
| 044 | |a SK | ||
| 245 | 1 | 0 | |a Student employment: A comparative analysis between Slovakia and the United Kingdom |c Keith Johnson, Rosemary Lucas |
| 520 | |a Ekonomické zmeny na Slovensku po páde komunizmu v r. 1989. Príprava nového vzdelávacieho programu v oblasti cestovného ruchu. Partnerstvo UMB v B. Bystrici a Katedrou hotelierstva a manažmentu CR Manchesterskej metropolitnej univerzity. Výskum zamestnanosti slovenských pracujúcich študentov. Pracovné skúsenosti pred začatím štúdia. zamestnanie počas štúdia na univerzite. Práca počas prázdnin. Dôvody práce. Porovnanie medzi Slovenskom a V. Britániou. | ||
| 610 | 2 | 0 | |a študenti |
| 610 | 2 | 0 | |a zamestnanosť |
| 610 | 2 | 0 | |a analýza komparatívna |
| 610 | 2 | 0 | |a univerzity |
| 610 | 2 | 0 | |a ruch cestovný |
| 610 | 2 | 0 | |a hotelierstvo |
| 610 | 2 | 0 | |a Slovensko |
| 610 | 2 | 0 | |a Veľká Británia |
| 100 | 1 | |a Johnson, Keith | |
| 700 | 1 | |a Lucas, Rosemary | |